Six keys to the Soviet system / (Record no. 187280)
[ view plain ]
| 000 -LEADER | |
|---|---|
| fixed length control field | 00779 a2200193 4500 |
| 003 - CONTROL NUMBER IDENTIFIER | |
| control field | Nust |
| 005 - DATE AND TIME OF LATEST TRANSACTION | |
| control field | 20230202142305.0 |
| 010 ## - LIBRARY OF CONGRESS CONTROL NUMBER | |
| LC control number | 56007172 |
| 040 ## - CATALOGING SOURCE | |
| Transcribing agency | Nust |
| 082 ## - DEWEY DECIMAL CLASSIFICATION NUMBER | |
| Classification number | 947,WOL |
| 100 ## - MAIN ENTRY--PERSONAL NAME | |
| Personal name | Wolfe, Bertram David, |
| 9 (RLIN) | 108549 |
| 245 ## - TITLE STATEMENT | |
| Title | Six keys to the Soviet system / |
| Statement of responsibility, etc. | Bertram David Wolfe, With an introd. by Leslie C. Stevens |
| 260 ## - PUBLICATION, DISTRIBUTION, ETC. | |
| Place of publication, distribution, etc. | Boston, |
| Name of publisher, distributor, etc. | Beacon Press |
| Date of publication, distribution, etc. | c1956 |
| 300 ## - PHYSICAL DESCRIPTION | |
| Extent | 258 p |
| Other physical details | 22 cm |
| 505 ## - FORMATTED CONTENTS NOTE | |
| Formatted contents note | The Struggle For Power (Page-3), The Coordination Of Culture (Page-41), The Worker In The Workers State (Page-118), The Two Types Of Soviet Election (Page-150), The Kremlin As Ally And Neighbor (Page-161), The Nature Of Totalitarianism (Page-236). |
| 600 ## - SUBJECT ADDED ENTRY--PERSONAL NAME | |
| Personal name | Wolfe, Bertram David, |
| 9 (RLIN) | 108549 |
| 650 ## - SUBJECT ADDED ENTRY--TOPICAL TERM | |
| Topical term or geographic name entry element | Russian Govt System |
| 9 (RLIN) | 108550 |
| 942 ## - ADDED ENTRY ELEMENTS (KOHA) | |
| Source of classification or shelving scheme | |
| Koha item type | Book |
| Withdrawn status | Lost status | Source of classification or shelving scheme | Damaged status | Not for loan | Permanent Location | Current Location | Shelving location | Date acquired | Full call number | Barcode | Date last seen | Price effective from | Koha item type | Public note |
|---|---|---|---|---|---|---|---|---|---|---|---|---|---|---|
| Military College of Signals (MCS) | Military College of Signals (MCS) | General Stacks | 12/12/2016 | 947,WOL | MCS29561 | 12/08/2016 | 12/12/2016 | Book | Almirah No. 60, Shelf No. 6 |
